000 00450nam a2200193Ia 4500
003 OSt
005 20251125111630.0
008 250729s2005 xx 000 0 und d
020 _a9788120717435
040 _cAL
041 _aeng
082 _a371.2 SIDS
100 _aSidhu K S
_9224764
245 _aSchool organisation & administration
260 _aNew Delhi
_c2005
300 _a481p
650 _aEducation
_9224765
942 _2ddc
_cBED
999 _c236577
_d236577